[Event "Kaupthing Open Differdange"]
[Site "Differdange"]
[Date "2007.07.14"]
[Round "9.19"]
[White "Zelbel, Patrick"]
[Black "Gaponenko, Inna"]
[Result "1-0"]
[WhiteElo "2193"]
[BlackElo "2458"]
[PlyCount "125"]
[EventType "swiss"]
[EventCountry "LUX"]

1. e4 g6 2. d4 Bg7 3. Be3 d6 4. Nc3 a6 5. f4 b5 6. a3 Bb7 7. Nf3 Nd7 8. Bd3
Ngf6 9. e5 Ng4 10. Bg1 O-O 11. h3 Nh6 12. Be4 Qc8 13. Qe2 c5 14. Bxb7 Qxb7 15.
dxc5 Nxc5 16. Bxc5 dxc5 17. Qe4 Qa7 18. O-O Rad8 19. Rad1 Nf5 20. Kh2 b4 21.
Nd5 e6 22. Ne3 bxa3 23. bxa3 Nxe3 24. Qxe3 Bh6 25. Nd2 Rd4 26. c3 Ra4 27. c4
Qc7 28. Qb3 Ra5 29. Ne4 Rb8 30. Qc3 Bg7 31. Rb1 Rd8 32. Nd6 Ra4 33. Qb3 Qc6 34.
Rfd1 f6 35. Ne4 Rf8 36. Nxc5 Ra5 37. Nd7 Rc8 38. Qc3 Ra4 39. Nb6 fxe5 40. Nxc8
Qxc8 41. fxe5 Rxc4 42. Qe3 h6 43. Kh1 Qc7 44. Rbc1 Kh7 45. Rxc4 Qxc4 46. Qd3
Qa4 47. Qd6 a5 48. Rc1 Qf4 49. Re1 Qg3 50. Re2 Qf4 51. Qd2 Qf1+ 52. Kh2 a4 53.
Qe3 h5 54. Rb2 Qf5 55. Rb7 Kh8 56. Rb5 h4 57. Qf3 Qg5 58. Qe4 Kh7 59. Rc5 Qg3+
60. Kh1 Kh6 61. Rc4 g5 62. Rc6 Qb3 63. Qf5 1-0

[Event "Kaupthing Open Differdange"]
[Site "Differdange"]
[Date "2007.07.14"]
[Round "9.20"]
[White "Ajrapetjan, Yuriy"]
[Black "Graf, Felix"]
[Result "1-0"]
[WhiteElo "2387"]
[BlackElo "2273"]
[PlyCount "149"]
[EventType "swiss"]
[EventCountry "LUX"]

1. d4 e6 2. c4 Nf6 3. Nf3 b6 4. Nc3 Bb4 5. Bg5 h6 6. Bh4 Bb7 7. Nd2 c5 8. a3
Bxc3 9. bxc3 d6 10. f3 Nbd7 11. e3 cxd4 12. cxd4 e5 13. Bd3 exd4 14. exd4 Qe7+
15. Qe2 Qxe2+ 16. Kxe2 O-O 17. a4 Nh5 18. Bg3 Nxg3+ 19. hxg3 Rfe8+ 20. Kf2 d5
21. a5 dxc4 22. Nxc4 Ba6 23. Rhc1 bxa5 24. Rxa5 Bxc4 25. Rxc4 Nb6 26. Rb4 Red8
27. Be4 Rac8 28. Rxa7 Nc4 29. Bf5 Rc6 30. Rd7 Re8 31. Be4 Rf6 32. Re7 Nd6 33.
Rxe8+ Nxe8 34. Rb7 Rd6 35. Ke3 Kf8 36. Kd3 Rd8 37. Ra7 Rc8 38. Bd5 Rc7 39. Ra8
Ke7 40. g4 Nd6 41. Rg8 Kf6 42. Rd8 Ke7 43. Ra8 Nb5 44. Ra5 Nd6 45. Ba8 Nc8 46.
Bd5 Nd6 47. Ra6 Nb5 48. Bc6 Nd6 49. d5 Nc8 50. Ra8 Na7 51. Ba4 Kd6 52. Kd4 Rb7
53. Bc2 Rb4+ 54. Kc3 Rb7 55. Rd8+ Rd7 56. Rg8 Rc7+ 57. Kd3 f6 58. Bb3 Nc8 59.
Kd4 Nb6 60. Rb8 Nc8 61. Ba4 Ra7 62. Bc6 Kc7 63. Rb2 Kd6 64. Re2 Re7 65. Rc2 Rc7
66. Rb2 Ra7 67. Rb8 Kc7 68. Rb4 Kd6 69. Bb7 Ne7 70. Rb6+ Kd7 71. Ba6 Nc8 72.
Rc6 Nd6 73. Kc5 Rc7 74. Kb6 Ne8 75. Bb5 1-0

[Event "Kaupthing Open Differdange"]
[Site "Differdange"]
[Date "2007.07.14"]
[Round "9.21"]
[White "Boos, Markus"]
[Black "Bakalarz, Mieczyslaw"]
[Result "0-1"]
[WhiteElo "2216"]
[BlackElo "2355"]
[PlyCount "72"]
[EventType "swiss"]
[EventCountry "LUX"]

1. Nf3 Nf6 2. g3 g6 3. Bg2 Bg7 4. O-O d5 5. d3 Nc6 6. d4 O-O 7. b3 a5 8. Bb2 a4
9. c4 Bf5 10. cxd5 Nb4 11. Ne1 Nbxd5 12. Nd3 c6 13. Nc5 axb3 14. Qxb3 b6 15.
Nd3 Ra5 16. a4 b5 17. Ne5 bxa4 18. Qc4 Qb6 19. Ba3 Rc8 20. Nd2 Bh6 21. Bc5 Qb2
22. Ra2 Qc3 23. Rc1 Qxc4 24. Nexc4 Ra6 25. f4 Be6 26. Ra3 Nd7 27. e4 Nxc5 28.
dxc5 Nb4 29. Nb6 Rd8 30. Nf3 Bb3 31. Bf1 Ra5 32. Ne1 e6 33. Rc3 Bf8 34. Nd3
Nxd3 35. Rcxb3 axb3 36. Rxa5 b2 0-1

[Event "Kaupthing Open Differdange"]
[Site "Differdange"]
[Date "2007.07.14"]
[Round "9.22"]
[White "Berend, Elvira S"]
[Black "Kasparova, Tatiana"]
[Result "1-0"]
[WhiteElo "2340"]
[BlackElo "2217"]
[PlyCount "53"]
[EventType "swiss"]
[EventCountry "LUX"]

1. e4 d6 2. d4 Nf6 3. Nc3 e5 4. dxe5 dxe5 5. Qxd8+ Kxd8 6. Bg5 Be6 7. O-O-O+
Nbd7 8. f4 exf4 9. Nf3 h6 10. Bxf4 c6 11. Nd4 Bb4 12. e5 Nd5 13. Nxd5 cxd5 14.
Be2 a6 15. h4 Ke7 16. g4 Ba5 17. Nf5+ Kf8 18. Nd6 Bc7 19. Bf3 Bxd6 20. exd6 Nb6
21. b3 Rd8 22. Be3 Rxd6 23. Bc5 Ke7 24. Kb2 Rhd8 25. c4 dxc4 26. Rxd6 Rxd6 27.
Rd1 1-0

[Event "Kaupthing Open Differdange"]
[Site "Differdange"]
[Date "2007.07.14"]
[Round "9.23"]
[White "Vatter, Hans Joachim"]
[Black "Jaenig, Reinhard"]
[Result "1-0"]
[WhiteElo "2319"]
[BlackElo "2169"]
[PlyCount "111"]
[EventType "swiss"]
[EventCountry "LUX"]

1. e4 c5 2. Nf3 e6 3. c3 Nf6 4. e5 Nd5 5. d4 cxd4 6. cxd4 Nc6 7. Nc3 Nxc3 8.
bxc3 d6 9. exd6 Bxd6 10. Bd3 h6 11. O-O O-O 12. Re1 b6 13. Qe2 Bd7 14. Ne5 Nxe5
15. dxe5 Bc5 16. Qe4 f5 17. exf6 Qxf6 18. Be3 Bxe3 19. fxe3 Qf5 20. Qd4 Qf2+
21. Kh1 Bc6 22. Qg4 Rad8 23. Qxe6+ Kh8 24. Bf1 Rf6 25. Qg4 Rd2 26. e4 Rxa2 27.
Bc4 Rxa1 28. Rxa1 Qf4 29. Qxf4 Rxf4 30. Bd5 Bxd5 31. exd5 Rc4 32. Rxa7 Rxc3 33.
Kg1 Rd3 34. Rd7 Kg8 35. Kf2 Kf8 36. Ke2 Rd4 37. Ke3 Rd1 38. h4 Ke8 39. Rxg7
Rxd5 40. Rg6 Rh5 41. g3 b5 42. Kf4 Kf7 43. Rb6 Kg7 44. Rb7+ Kg6 45. Kg4 Rc5 46.
h5+ Kf6 47. Kh4 Rc4+ 48. g4 b4 49. Rh7 Ke5 50. Rxh6 Kd4 51. Rb6 Kc3 52. h6 b3
53. h7 Rc8 54. g5 b2 55. g6 Kc2 56. g7 1-0

[Event "Kaupthing Open Differdange"]
[Site "Differdange"]
[Date "2007.07.14"]
[Round "9.26"]
[White "Struk, Jerzy"]
[Black "Korman, Maxim"]
[Result "1/2-1/2"]
[WhiteElo "2240"]
[BlackElo "2061"]
[PlyCount "82"]
[EventType "swiss"]
[EventCountry "LUX"]

1. e4 e6 2. c4 d5 3. exd5 exd5 4. d4 Bb4+ 5. Nc3 Ne7 6. Qb3 Nbc6 7. Be3 O-O 8.
a3 Bxc3+ 9. Qxc3 dxc4 10. Bxc4 Nd5 11. Bxd5 Qxd5 12. Ne2 Qxg2 13. Rg1 Qe4 14.
Bh6 Bg4 15. O-O-O Ne7 16. d5 f6 17. Bxg7 Kxg7 18. f3 Qxe2 19. Rde1 Nxd5 20. Qb3
Qf2 21. Qxd5 Rad8 22. Rxg4+ Kh8 23. Qe4 Qc5+ 24. Qc2 Qxc2+ 25. Kxc2 Rfe8 26.
Rd4 Rxe1 27. Rxd8+ Kg7 28. Rd7+ Kg6 29. Rxc7 Re2+ 30. Kc3 b5 31. Rxa7 Rxh2 32.
Rb7 Rh5 33. Kd3 Rf5 34. Ke4 Rc5 35. b3 h5 36. Kf4 Rf5+ 37. Kg3 Rd5 38. a4 bxa4
39. bxa4 Rd4 40. a5 Ra4 41. Rb5 Ra3 1/2-1/2

[Event "Kaupthing Open Differdange"]
[Site "Differdange"]
[Date "2007.07.14"]
[Round "9.27"]
[White "Schweitzer, Viktoriya"]
[Black "Wagener, Claude"]
[Result "1-0"]
[WhiteElo "2243"]
[BlackElo "2307"]
[PlyCount "89"]
[EventType "swiss"]
[EventCountry "LUX"]

1. e4 c5 2. Nc3 Nc6 3. f4 g6 4. Nf3 Bg7 5. Bc4 e6 6. O-O Nge7 7. d3 O-O 8. Qe1
d5 9. Bb3 Nd4 10. Nxd4 cxd4 11. Ne2 dxe4 12. dxe4 b6 13. Bc4 Bb7 14. Ng3 Rc8
15. Bd3 f5 16. Bd2 Nc6 17. Bc4 Kh8 18. Bxe6 Rc7 19. exf5 Re8 20. Qf2 Ne7 21.
Rac1 Nd5 22. Kh1 Ne3 23. Bxe3 dxe3 24. Qxe3 Bxb2 25. Rcd1 Qf6 26. Qb3 Rc3 27.
Qb5 Bc6 28. Ne4 Qg7 29. Qxb2 Bxe4 30. Rd7 Qf6 31. Qa1 gxf5 32. Rc7 Rxe6 33.
Rxc3 a6 34. Rc8+ Kg7 35. Qxf6+ Kxf6 36. Kg1 Rd6 37. h3 b5 38. Rf2 Rd4 39. Re2
Ra4 40. c3 Bd5 41. Re5 Be4 42. g4 Rxa2 43. g5+ Kg6 44. Re6+ Kf7 45. Rf6+ 1-0

[Event "Kaupthing Open Differdange"]
[Site "Differdange"]
[Date "2007.07.14"]
[Round "9.29"]
[White "Wagener, Anna"]
[Black "Stull, Norbert"]
[Result "1/2-1/2"]
[WhiteElo "2292"]
[BlackElo "2134"]
[PlyCount "48"]
[EventType "swiss"]
[EventCountry "LUX"]

1. e4 c5 2. Nf3 e6 3. c4 Nc6 4. Nc3 e5 5. Be2 d6 6. d3 g6 7. O-O Bg7 8. Nd5 f5
9. exf5 Bxf5 10. Bg5 Nf6 11. a3 O-O 12. b4 Qd7 13. b5 Nd4 14. Nxd4 exd4 15.
Bxf6 Bxf6 16. b6 Bd8 17. bxa7 Rxa7 18. Bf3 b5 19. Qb3 bxc4 20. Qxc4 Kg7 21. Qb3
Be6 22. Be4 Ba5 23. Qd1 Qf7 24. Qb3 Qd7 1/2-1/2

[Event "Kaupthing Open Differdange"]
[Site "Differdange"]
[Date "2007.07.14"]
[Round "9.30"]
[White "Berg, Runar"]
[Black "Bednarich, Jan"]
[Result "0-1"]
[WhiteElo "2129"]
[BlackElo "2279"]
[PlyCount "60"]
[EventType "swiss"]
[EventCountry "LUX"]

1. d4 Nf6 2. c4 c5 3. d5 e6 4. Nc3 exd5 5. cxd5 d6 6. Nf3 g6 7. Nd2 Be7 8. Nc4
O-O 9. a4 Na6 10. e4 Nb4 11. Be2 b6 12. O-O Ba6 13. f4 Nd7 14. Nb5 Bxb5 15.
axb5 Nf6 16. Bf3 a6 17. bxa6 b5 18. Nxd6 Bxd6 19. e5 c4 20. exd6 Qxd6 21. a7
Rxa7 22. Rxa7 Qb6+ 23. Kh1 Qxa7 24. f5 Nd3 25. Bg5 Qd4 26. Bxf6 Qxf6 27. fxg6
hxg6 28. Qd2 Qxb2 29. Qg5 Ra8 30. g3 Nf2+ 0-1

[Event "Kaupthing Open Differdange"]
[Site "Differdange"]
[Date "2007.07.14"]
[Round "9.31"]
[White "Bellin, Jana"]
[Black "Holm, Sejer"]
[Result "1/2-1/2"]
[WhiteElo "2151"]
[BlackElo "2262"]
[PlyCount "57"]
[EventType "swiss"]
[EventCountry "LUX"]

1. d4 d5 2. c4 e6 3. Nc3 c5 4. cxd5 exd5 5. Nf3 Nc6 6. g3 c4 7. Bg2 Bb4 8. O-O
Nge7 9. h3 O-O 10. Re1 Bf5 11. Nh4 Be6 12. e3 Qd7 13. Kh2 a6 14. a3 Ba5 15. Bd2
b5 16. Qh5 Rad8 17. Rad1 Bc7 18. Bc1 f6 19. Qe2 g5 20. Nf3 h6 21. e4 Rde8 22.
exd5 Nxd5 23. Nxd5 Bxd5 24. Qc2 Kg7 25. Be3 Be4 26. Ne5 fxe5 27. Qxe4 Ne7 28.
dxe5 Qe6 29. Bc5 1/2-1/2

[Event "Kaupthing Open Differdange"]
[Site "Differdange"]
[Date "2007.07.14"]
[Round "9.33"]
[White "Funke, Reinhard"]
[Black "Christen, Pierre"]
[Result "1-0"]
[WhiteElo "2236"]
[BlackElo "2060"]
[PlyCount "69"]
[EventType "swiss"]
[EventCountry "LUX"]

1. d4 d5 2. c4 c6 3. Nf3 Nf6 4. e3 Bg4 5. Qb3 Qb6 6. Nc3 e6 7. Ne5 Bf5 8. Be2
Qxb3 9. axb3 Nbd7 10. Nd3 Be7 11. O-O O-O 12. Bd2 Ne4 13. Be1 h6 14. f3 Nxc3
15. bxc3 dxc4 16. bxc4 Bxd3 17. Bxd3 Rfd8 18. Bf2 a6 19. Rfb1 b5 20. Be4 bxc4
21. Bxc6 Rab8 22. Bb7 Nf6 23. e4 Rd7 24. Bxa6 Rxb1+ 25. Rxb1 Ra7 26. Rb6 Nd7
27. Rc6 Kh7 28. Bxc4 Ra1+ 29. Bf1 Nf8 30. Rc7 Ng6 31. g3 h5 32. f4 f5 33. e5 h4
34. c4 h3 35. d5 1-0

[Event "Kaupthing Open Differdange"]
[Site "Differdange"]
[Date "2007.07.14"]
[Round "9.34"]
[White "Penzel, Frank"]
[Black "Penzel, Nils"]
[Result "0-1"]
[WhiteElo "2210"]
[BlackElo "2002"]
[PlyCount "28"]
[EventType "swiss"]
[EventCountry "LUX"]

1. e4 e6 2. d4 d5 3. Bd3 c5 4. dxc5 dxe4 5. Bb5+ Bd7 6. Nc3 Bxb5 7. Nxb5 Qa5+
8. Nc3 Bxc5 9. Bd2 Nd7 10. Nge2 O-O-O 11. b4 Bxb4 12. O-O Ngf6 13. a3 Bxc3 14.
Bxc3 Qd5 0-1

[Event "Kaupthing Open Differdange"]
[Site "Differdange"]
[Date "2007.07.14"]
[Round "9.35"]
[White "Wagner, Steven"]
[Black "Linster, Philippe"]
[Result "1-0"]
[WhiteElo "2120"]
[BlackElo "2053"]
[PlyCount "97"]
[EventType "swiss"]
[EventCountry "LUX"]

1. e4 c5 2. a3 e5 3. Nc3 Nc6 4. Bc4 g6 5. d3 Bg7 6. Nge2 Nge7 7. Bg5 h6 8. Bh4
O-O 9. Qd2 a6 10. a4 d6 11. Nd5 g5 12. Bg3 Ng6 13. a5 Be6 14. Nb6 Rb8 15. Bd5
Nf4 16. Bxf4 exf4 17. Bxc6 bxc6 18. c3 f5 19. f3 Qe7 20. h4 d5 21. hxg5 hxg5
22. exd5 cxd5 23. O-O-O Qe8 24. Rde1 Qb5 25. c4 dxc4 26. dxc4 Bxc4 27. Nc3 Qb3
28. Rh5 Rbd8 29. Qc2 Qxc2+ 30. Kxc2 Bd3+ 31. Kb3 Bf6 32. Ncd5 Kf7 33. Nxf6 Kxf6
34. Rh6+ Kg7 35. Rc6 Rfe8 36. Rc7+ Kg6 37. Rc6+ Kg7 38. Rc7+ Kg8 39. Nd5 Rb8+
40. Kc3 Rxe1 41. Nf6+ Kf8 42. Nd7+ Ke8 43. Nxb8 Re3 44. Rxc5 Bb5+ 45. Kd4 Rb3
46. Rxf5 Rxb2 47. Rxg5 Bf1 48. g3 Rxb8 49. Rg8+ 1-0

[Event "Kaupthing Open Differdange"]
[Site "Differdange"]
[Date "2007.07.14"]
[Round "9.36"]
[White "Steil Antoni, Fiona"]
[Black "Musholt, Joachim"]
[Result "1-0"]
[WhiteElo "2065"]
[BlackElo "1942"]
[PlyCount "43"]
[EventType "swiss"]
[EventCountry "LUX"]

1. e4 c5 2. Nc3 Nc6 3. f4 d6 4. Nf3 a6 5. a4 g6 6. Bc4 Bg7 7. d3 e6 8. O-O Nge7
9. Qe1 Nd4 10. Nxd4 cxd4 11. Ne2 Nc6 12. Qg3 f5 13. exf5 exf5 14. Re1 Kf8 15.
Qf3 Nb4 16. Bb3 Bd7 17. Bd2 Bc6 18. Qf2 Qb6 19. Bc3 Nxd3 20. cxd3 Qxb3 21. Nxd4
Rg8 22. Nxb3 1-0

[Event "Kaupthing Open Differdange"]
[Site "Differdange"]
[Date "2007.07.14"]
[Round "9.38"]
[White "Ristic, Alexandre"]
[Black "Beukema, Stefan"]
[Result "1-0"]
[WhiteElo "2094"]
[BlackElo "1994"]
[PlyCount "53"]
[EventType "swiss"]
[EventCountry "LUX"]

1. e4 e5 2. Nf3 Nc6 3. Bb5 f5 4. d4 exd4 5. O-O Be7 6. exf5 Nf6 7. c3 dxc3 8.
Nxc3 O-O 9. Qb3+ d5 10. Bg5 Na5 11. Qc2 c6 12. Bd3 b6 13. a3 c5 14. Rad1 d4 15.
b4 Nb7 16. bxc5 bxc5 17. Ne5 Qc7 18. Ne2 Bd6 19. Bxf6 Bxe5 20. Bxe5 Qxe5 21.
Ng3 Nd6 22. Rfe1 Qf6 23. Qxc5 Nxf5 24. Qd5+ Kh8 25. Qxa8 Nxg3 26. fxg3 Ba6 27.
Re8 1-0

[Event "Kaupthing Open Differdange"]
[Site "Differdange"]
[Date "2007.07.14"]
[Round "9.39"]
[White "Priewasser, Joerg"]
[Black "Oud, Niek"]
[Result "1-0"]
[WhiteElo "2022"]
[BlackElo "2058"]
[PlyCount "61"]
[EventType "swiss"]
[EventCountry "LUX"]

1. c4 Nf6 2. Nc3 e6 3. g3 d5 4. cxd5 exd5 5. Bg2 c6 6. d3 Be7 7. Nf3 O-O 8. O-O
Nbd7 9. Bf4 Re8 10. Rc1 Nc5 11. Be3 Ne6 12. Nd4 Ng4 13. Nxe6 Nxe3 14. Nxd8 Nxd1
15. Nxc6 Nxc3 16. Nxe7+ Rxe7 17. Rxc3 Rxe2 18. Rb3 Be6 19. Rxb7 Rc8 20. Rxa7
Rxb2 21. Ra5 g6 22. a4 Ra2 23. Bxd5 Bxd5 24. Rxd5 Rxa4 25. Re1 Ra2 26. Re3 Rcc2
27. Rf3 f5 28. Rd7 h5 29. d4 Rd2 30. Rb3 Ra8 31. Rb6 1-0

[Event "Kaupthing Open Differdange"]
[Site "Differdange"]
[Date "2007.07.14"]
[Round "9.42"]
[White "Herbold, Manfred"]
[Black "Boyarchenko, Alex"]
[Result "1-0"]
[WhiteElo "2167"]
[BlackElo "1952"]
[PlyCount "87"]
[EventType "swiss"]
[EventCountry "LUX"]

1. c4 e6 2. Nc3 d5 3. d4 c6 4. Nf3 Nf6 5. g3 Bd6 6. Bg2 O-O 7. O-O Nbd7 8. e4
dxe4 9. Ng5 b6 10. Ngxe4 Nxe4 11. Nxe4 Be7 12. Qa4 Bb7 13. Rd1 Qc8 14. Bf4 Nf6
15. Bd6 Nxe4 16. Bxe7 Re8 17. Bh4 Nd6 18. c5 Nf5 19. Bg5 e5 20. dxe5 h6 21. Bf4
g5 22. Bh3 gxf4 23. gxf4 Qe6 24. Rd6 b5 25. Qb4 a5 26. Qc3 b4 27. Qf3 Nxd6 28.
Bxe6 Rxe6 29. f5 Nxf5 30. Qxf5 Rd8 31. Kh1 Rd5 32. Rg1+ Kf8 33. f4 Ba6 34. Qh7
Bd3 35. Rg8+ Ke7 36. Qh8 Be4+ 37. Kg1 Rg6+ 38. Rxg6 Bxg6 39. f5 Bxf5 40. Qf6+
Ke8 41. Qxf5 Rxc5 42. Qc8+ Ke7 43. Qc7+ Ke8 44. Qb8+ 1-0

[Event "Kaupthing Open Differdange"]
[Site "Differdange"]
[Date "2007.07.14"]
[Round "9.43"]
[White "Mauquoi, Rudi"]
[Black "Bishop, Peter"]
[Result "1-0"]
[WhiteElo "2064"]
[BlackElo "1853"]
[PlyCount "57"]
[EventType "swiss"]
[EventCountry "LUX"]

1. c4 e5 2. Nc3 Nf6 3. Nf3 Nc6 4. d4 e4 5. Nd2 d5 6. cxd5 Nxd5 7. Ndxe4 Bf5 8.
e3 Bxe4 9. Nxe4 Bb4+ 10. Bd2 Qe7 11. Bd3 Rd8 12. O-O Bd6 13. Nxd6+ Rxd6 14. Rc1
Qh4 15. Qf3 O-O 16. Qg3 Qxg3 17. hxg3 Nf6 18. Bb5 Rc8 19. Bxc6 bxc6 20. Bb4 Re6
21. Rc5 Rb8 22. a3 Nd5 23. Rfc1 Ne7 24. Ra5 Rb7 25. Bxe7 Rxe7 26. Rxc6 Rxb2 27.
Rxa7 Rb1+ 28. Kh2 g6 29. Rcxc7 1-0